000 00933nas a2200301 4500
001 BR2014005132
003 BR-BrBNA
005 20231205124403.0
007 ta
008 230509b bl.|||p| |||| 00| 00por d
040 _aBR-BrBNA
_bpor
_cBiblioteca Nacional de Agricultura
041 _a(Pt)
072 _aF30
100 1 _aAlcantara, R.M.C.M. de
100 1 _aXavier, G.R.
100 1 _aRumjanek, N.G.
100 1 _aRocha, M. de M.
100 1 _aCarvalho, J. dos S.
245 1 _aEficiência simbiótica de progenitores de cultivares brasileiras de feijão-caupi
650 _aFEIJÃO DE CORDA
650 _aNITROGÊNIO
650 _aMELHORAMENTO GENÉTICO VEGETAL
650 _aCONTROLE BIOLÓGICO
650 _aGENÓTIPO
773 0 _tRevista Ciência Agronômica (Brazil)
_xISSN 0045-6888
_g(Jan-Mar 2014), v. 45(1) p. 1-9
_wBR2014005132
909 _a202311
_bLúcia
_c55
_dLúcia Elande
942 _2AGRIS
_n0
_cANA
999 _c238806
_d238806